[Event "Tianjin Prestigious Univ-ch"]
[Site "Tianjin"]
[Date "2019.11.29"]
[Round "11"]
[White "Chu, Wei Chao"]
[Black "McNamara, Tanner Austin"]
[Result "1/2-1/2"]
[WhiteElo "2423"]
[BlackElo "1983"]
[PlyCount "101"]
[EventDate "2019.11.26"]
[EventType "team-tourn"]
[EventRounds "11"]
[EventCountry "CHN"]
[SourceTitle "CBM 193 Extra"]
[Source "ChessBase"]
[SourceDate "2020.01.31"]
[SourceVersion "1"]
[SourceVersionDate "2020.01.31"]
[SourceQuality "1"]

1. d4 d5 2. c4 c6 3. Nf3 Nf6 4. Nbd2 g6 5. e3 Bg7 6. Be2 0-0 7. 0-0 a6 8. b3 Nbd7 9. Bb2 Ne4 10. cxd5 cxd5 11. Ne5 Nxe5 12. dxe5 Qa5 13. Nf3 Be6 14. Qe1 Qxe1 15. Rfxe1 Rfc8 16. Rac1 Rxc1 17. Rxc1 Rc8 18. Rxc8+ Bxc8 19. h3 Kf8 20. Bd4 Ke8 21. Bd3 f5 22. exf6 Nxf6 23. g4 Kf8 24. Ng5 Kg8 25. f4 Ne8 26. Kg2 Bxd4 27. exd4 Nd6 28. Kg3 Bd7 29. Nf3 Bb5 30. Bc2 Be2 31. Ng1 Bb5 32. Kf2 a5 33. Nf3 Kg7 34. Ne5 Be8 35. Bd3 b5 36. a3 Nf7 37. Ke3 Nd6 38. Be2 Nf7 39. Bf3 e6 40. Nd3 Nd6 41. Nc5 Kf6 42. Be2 Ke7 43. h4 h5 44. Bd1 Kf6 45. g5+ Ke7 46. Bc2 Bf7 47. Bd3 Be8 48. Kd2 Bf7 49. Ke3 Be8 50. Kd2 Bf7 51. Ke3 1/2-1/2

[Event "Tianjin Prestigious Univ-ch"]
[Site "Tianjin"]
[Date "2019.11.28"]
[Round "7"]
[White "Theodorou, Nikolas"]
[Black "McNamara, Tanner Austin"]
[Result "1-0"]
[WhiteElo "2555"]
[BlackElo "1983"]
[PlyCount "107"]
[EventDate "2019.11.26"]
[EventType "team-tourn"]
[EventRounds "11"]
[EventCountry "CHN"]
[SourceTitle "CBM 193 Extra"]
[Source "ChessBase"]
[SourceDate "2020.01.31"]
[SourceVersion "1"]
[SourceVersionDate "2020.01.31"]
[SourceQuality "1"]

1. d4 d5 2. c4 c6 3. Nf3 Nf6 4. g3 e6 5. Bg2 Nbd7 6. 0-0 Be7 7. Qc2 0-0 8. Nbd2 b6 9. e4 Nxe4 10. Nxe4 dxe4 11. Qxe4 Bb7 12. Rd1 Nf6 13. Qe2 Qc8 14. Bf4 Re8 15. a3 c5 16. dxc5 Bxc5 17. b4 Bf8 18. Rac1 a5 19. c5 bxc5 20. bxc5 Nd5 21. Be5 Bc6 22. Qc2 h6 23. Nd4 a4 24. h4 Ra5 25. Bd6 Qd7 26. Qd2 Ra6 27. Qd3 Ra5 28. Bxf8 Rxf8 29. Nxc6 Qxc6 30. Bxd5 exd5 31. Qxd5 Rc8 32. Qxc6 Rxc6 33. Rd8+ Kh7 34. Rd5 Kg6 35. g4 Kf6 36. Rf5+ Ke7 37. Rc4 g6 38. Re5+ Kf6 39. f4 Rb5 40. g5+ hxg5 41. hxg5+ Kg7 42. Kf2 f6 43. Re7+ Kf8 44. Rce4 Rb8 45. R7e6 Rxc5 46. Rxf6+ Kg7 47. Re7+ Kh8 48. Rxg6 Rc3 49. Re3 Rb2+ 50. Kf3 Rxe3+ 51. Kxe3 Rb3+ 52. Ke4 Rxa3 53. Ra6 Ra1 54. Kf5 1-0

[Event "Tianjin Prestigious Univ-ch"]
[Site "Tianjin"]
[Date "2019.11.27"]
[Round "5"]
[White "Fernandez, Daniel Howard"]
[Black "McNamara, Tanner Austin"]
[Result "1/2-1/2"]
[WhiteElo "2444"]
[BlackElo "1983"]
[PlyCount "59"]
[EventDate "2019.11.26"]
[EventType "team-tourn"]
[EventRounds "11"]
[EventCountry "CHN"]
[SourceTitle "CBM 193 Extra"]
[Source "ChessBase"]
[SourceDate "2020.01.31"]
[SourceVersion "1"]
[SourceVersionDate "2020.01.31"]
[SourceQuality "1"]

1. Nf3 Nf6 2. g3 d5 3. Bg2 Bg4 4. h3 Bh5 5. d3 e6 6. 0-0 Bd6 7. c4 c6 8. Qb3 Qc7 9. Nc3 Nbd7 10. Bd2 0-0 11. Rac1 Nc5 12. Qc2 dxc4 13. dxc4 Bg6 14. Qd1 Rad8 15. Qe1 Nfe4 16. Nxe4 Nxe4 17. Bb4 c5 18. Ba3 b6 19. Rd1 Rd7 20. Nh4 Nf6 21. Nxg6 hxg6 22. Qc3 Rfd8 23. Qc2 Be5 24. b3 Ne8 25. Bc1 Rxd1 26. Rxd1 Rxd1+ 27. Qxd1 Qd6 28. Qd2 Qxd2 29. Bxd2 Nd6 30. a4 1/2-1/2

[Event "Tianjin Prestigious Univ-ch"]
[Site "Tianjin"]
[Date "2019.11.26"]
[Round "3"]
[White "Oparin, Grigoriy"]
[Black "McNamara, Tanner Austin"]
[Result "1-0"]
[WhiteElo "2660"]
[BlackElo "1983"]
[PlyCount "83"]
[EventDate "2019.11.26"]
[EventType "team-tourn"]
[EventRounds "11"]
[EventCountry "CHN"]
[SourceTitle "CBM 193 Extra"]
[Source "ChessBase"]
[SourceDate "2020.01.31"]
[SourceVersion "1"]
[SourceVersionDate "2020.01.31"]
[SourceQuality "1"]

1. c4 Nf6 2. Nf3 c6 3. g3 d5 4. Bg2 g6 5. b3 Bg7 6. Bb2 0-0 7. 0-0 Bf5 8. d3 a5 9. Nc3 Nfd7 10. cxd5 cxd5 11. Qd2 d4 12. Nb5 e5 13. Nd6 Be6 14. Ng5 Qb6 15. Nxe6 fxe6 16. Ba3 Nc5 17. Rac1 Nba6 18. Nc4 Qd8 19. Qxa5 Qxa5 20. Nxa5 e4 21. Bxc5 Nxc5 22. Rxc5 b6 23. Rc6 Rxa5 24. Bxe4 Rxa2 25. Bf3 Kf7 26. Rxb6 Rc8 27. b4 h5 28. b5 Rc5 29. Rb7+ Kf6 30. b6 Rb2 31. Rb8 Rcb5 32. b7 Ke7 33. Rc1 Be5 34. Rg8 Rb1 35. Rxb1 Rxb1+ 36. Kg2 Kf7 37. Rc8 Rb6 38. h4 Ke7 39. Be4 Kf7 40. f4 Bd6 41. Rd8 Bc7 42. Rd7+ 1-0

[Event "Ivy League Challenge 2nd"]
[Site "Toronto"]
[Date "2019.11.09"]
[Round "4.3"]
[White "McNamara, Tanner Austin"]
[Black "Yi, Richard"]
[Result "0-1"]
[WhiteElo "1983"]
[BlackElo "2083"]
[PlyCount "70"]
[EventDate "2019.11.08"]
[EventType "team-tourn"]
[EventRounds "5"]
[EventCountry "CAN"]
[SourceTitle "CBM 193 Extra"]
[Source "ChessBase"]
[SourceDate "2020.01.31"]
[SourceVersion "1"]
[SourceVersionDate "2020.01.31"]
[SourceQuality "1"]
[WhiteTeam "Toronto Univ II"]
[BlackTeam "Massachusetts IT"]
[WhiteTeamCountry "CAN"]
[BlackTeamCountry "USA"]

1. d4 d6 2. Nf3 g6 3. c4 f5 4. g3 Nf6 5. Bg2 Bg7 6. 0-0 0-0 7. Nc3 c6 8. Qc2 Qc7 9. b3 e5 10. dxe5 dxe5 11. Ba3 Re8 12. Rad1 Nbd7 13. Bd6 Qb6 14. Na4 Qa5 15. b4 Qa6 16. Qb3 Nb6 17. Nb2 Be6 18. Nxe5 Ng4 19. Ned3 Bxc4 20. Nxc4 Qxc4 21. Qxc4+ Nxc4 22. Nc5 Rxe2 23. Nxb7 Rc8 24. h3 Nge5 25. Bxe5 Nxe5 26. Rd8+ Rxd8 27. Nxd8 Rc2 28. f4 Nc4 29. Bxc6 Bd4+ 30. Kh1 Ne3 31. Re1 Rxa2 32. Ne6 Bb6 33. Nc5 Ra3 34. Kg1 Nc2 35. Bd5+ Kf8 0-1

[Event "New York State-ch 137th"]
[Site "Colonie"]
[Date "2015.09.07"]
[Round "6"]
[White "McNamara, Tanner Austin"]
[Black "Plotkin, Victor"]
[Result "0-1"]
[WhiteElo "2048"]
[BlackElo "2267"]
[PlyCount "102"]
[EventDate "2015.09.05"]
[EventType "swiss"]
[EventRounds "6"]
[EventCountry "USA"]
[SourceTitle "EXT 2016"]
[Source "ChessBase"]
[SourceDate "2015.10.08"]
[SourceVersion "1"]
[SourceVersionDate "2015.10.08"]
[SourceQuality "1"]

1. d4 d5 2. c4 dxc4 3. Nf3 Nf6 4. e3 e6 5. Bxc4 c5 6. 0-0 Nc6 7. Qe2 a6 8. Rd1 Qc7 9. Nc3 b5 10. Bb3 Be7 11. d5 exd5 12. Nxd5 Nxd5 13. Bxd5 0-0 14. a4 Rb8 15. axb5 axb5 16. h3 Nb4 17. Be4 Be6 18. Ne1 Bb3 19. Rd2 Bf6 20. Nc2 Na2 21. Bxh7+ Kxh7 22. Qd3+ Kg8 23. Qxb3 Nxc1 24. Rxc1 Qe5 25. Ne1 c4 26. Qc2 Rfd8 27. Rcd1 Rxd2 28. Rxd2 Ra8 29. Kf1 Ra2 30. Qb1 Rxb2 31. Rxb2 Qxb2 32. Qxb2 Bxb2 33. Ke2 Kf8 34. Kd1 Ke7 35. Kc2 Bf6 36. Nf3 Kd6 37. Nd2 Kd5 38. f3 b4 39. Ne4 Bd8 40. Ng3 b3+ 41. Kc3 Bf6+ 42. Kd2 c3+ 43. Kd3 c2 44. Ne2 Bb2 45. Kd2 Kc4 46. g4 Kb4 47. h4 Ka3 48. h5 Ka2 49. g5 c1Q+ 50. Nxc1+ Bxc1+ 51. Kxc1 b2+ 0-1